Na východe vedie Česko

V roku 2006 vzrástol maloobchodný obrat s biopotravinami v Česku o 49 percent, ide asi o najrýchlejší rast v celej Európe. Vzrast ekologickej ornej pôdy. Zvýšenie počtu výrobcov biopotravín. Biospotrebitelia. Vývoj v oblasti ekologického poľnohospodárstva a trhu s biopotravinami vo svete.

Guardado en:
Detalles Bibliográficos
Autor principal: Václavík, Tomáš
Formato: Capítulo de libro
Lenguaje:eslovaco
Materias:
Etiquetas: Agregar Etiqueta
Sin Etiquetas, Sea el primero en etiquetar este registro!

MARC

LEADER 00000naa$a2200000$$$4500
001 0057480
005 20231128092503.3
041 0 |a slo 
044 |a SK 
245 1 0 |a Na východe vedie Česko  |c Tomáš Václavík 
520 |a V roku 2006 vzrástol maloobchodný obrat s biopotravinami v Česku o 49 percent, ide asi o najrýchlejší rast v celej Európe. Vzrast ekologickej ornej pôdy. Zvýšenie počtu výrobcov biopotravín. Biospotrebitelia. Vývoj v oblasti ekologického poľnohospodárstva a trhu s biopotravinami vo svete. 
610 2 0 |a potraviny 
610 2 0 |a bioprodukty 
610 2 0 |a obrat maloobchodný 
610 2 0 |a spotrebitelia 
610 2 0 |a Česko 
100 1 |a Václavík, Tomáš